|
|
|
|
| LEADER |
01440nam a2200349 a 4500 |
| 001 |
12204588 |
| 008 |
091208s2001 nyua bs i001 0 eng d |
| 010 |
|
|
|a \\\00691100
|
| 020 |
|
|
|a 0195211294 (Pbk)
|
| 020 |
|
|
|a 0195215982 (Cloth)
|
| 040 |
|
|
|a DJB
|c DJB
|d DLC
|d BD-DhAAL
|
| 082 |
0 |
0 |
|a 362.5/57091724
|2 21
|
| 245 |
0 |
0 |
|a Attacking poverty.
|
| 260 |
|
|
|a New York :
|b Published for the World Bank, Oxford University Press,
|c c2001.
|
| 300 |
|
|
|a xiv, 335 p. :
|b ill.(some col.) ;
|c 27 cm.
|
| 490 |
0 |
|
|a World development report,
|x 0163-5085 ;
|v 2000/2001
|
| 500 |
|
|
|a "This report has been prepared by a team led by Ravi Kanbur ... and Nora Lustig"--P. vii.
|
| 500 |
|
|
|a "World Bank 2000"--Cover.
|
| 500 |
|
|
|a "Selected world development indicators"--P. 269-316.
|
| 504 |
|
|
|a Includes bibliographical references (p. 205-266).
|
| 541 |
1 |
|
|e 00012939
|
| 650 |
|
0 |
|a Poverty
|z Developing countries.
|
| 650 |
|
0 |
|a Poor
|z Developing countries.
|
| 650 |
|
0 |
|a Economic development.
|
| 650 |
|
0 |
|a Economic indicators.
|
| 651 |
|
0 |
|a Developing countries
|x Economic conditions.
|
| 700 |
1 |
|
|a Kanbur, S. M. Ravi.
|
| 700 |
1 |
|
|a Lustig, Nora.
|
| 710 |
2 |
|
|a World Bank
|
| 852 |
4 |
|
|a Ayesha Abed Library
|j General shelf
|
| 999 |
|
|
|c 6119
|d 6119
|
| 952 |
|
|
|0 0
|1 0
|2 ddc
|4 0
|6 362_557091724000000_ATT_2001
|7 0
|9 6107
|a BRACUL
|b BRACUL
|c GEN
|d 2009-12-15
|g 0.00
|l 0
|o 362.557091724 ATT
|p 3010012939
|r 2009-12-15
|t 1
|w 2009-12-15
|y BK
|x No price found in the accession register.
|